Československý šach časopis českých, moravských, slezských a slovenských šachistů
| Format: | Journal |
|---|---|
| Language: | Czech |
| PhysicalDescription: | zv. 35 cm |
| Published: |
Praha
Sportovní a turistické nakladatelství
1907-
Praha Olympia Praha Ivan Hausner |
| Subjects: |
MARC
| LEADER | 00000cas a2200000 a 4500 | ||
|---|---|---|---|
| 001 | vtls008882996 | ||
| 003 | SK-MaSNL | ||
| 005 | 20260228161436.0 | ||
| 008 | 020806d19079999xr mr p|r 0 1 b0czeoc | ||
| 035 | |a (SVKBB03)vtls000121194 | ||
| 040 | |a SVKBB |b slo |c SVKBB |d SNK |e AACR2 | ||
| 041 | 0 | |a cze | |
| 044 | |a xr |c CZ | ||
| 072 | 7 | |a 794 |x Doskové a stolové hry, logické hry, hry zručnosti, krížovky |2 konspekt | |
| 080 | |a 794.1 |2 2011 | ||
| 080 | |a 050 |2 2011 | ||
| 080 | |a (051)-048.55 |2 2011 | ||
| 245 | 0 | 0 | |a Československý šach |b časopis českých, moravských, slezských a slovenských šachistů |
| 260 | |a Praha |b Sportovní a turistické nakladatelství |c 1907- | ||
| 260 | 2 | |3 1968-1996 |a Praha |b Olympia | |
| 260 | 3 | |3 1997- |a Praha |b Ivan Hausner | |
| 300 | |a zv. |c 35 cm | ||
| 310 | |a 1x mesačne | ||
| 550 | |a 1907-1967 vydáva ÚV ČSTV, Praha | ||
| 650 | 0 | 7 | |a šach |2 SNKPH |9 3315 |
| 655 | 7 | |a špecializované časopisy |2 SNKPH |9 70509 | |
| 910 | |a snk | ||
| 999 | |c 5370 |d 7300 | ||
| 952 | |0 0 |1 0 |4 0 |7 0 |a SNK |b SNK |d 2014-03-05 |i snkČIP 639/65 |l 0 |o snkČB 862/68/1964 |p 17A1023983 |r 2026-02-21 20:41:34 |t č. 1-12 |w 2026-02-21 |y PREZ | ||
| 952 | |0 0 |1 1 |4 0 |7 0 |a SNK |b SNK |d 1998-09-02 |l 0 |o snkČB 862/70/1976 |p 17A0157692 |r 2005-01-02 00:00:00 |t č. 1-12 |w 2026-02-21 |y PREZ | ||
| 952 | |0 0 |1 1 |4 0 |7 0 |a SNK |b SNK |d 1998-09-02 |l 0 |o snkČB 862/73/1979 |p 17A0157715 |r 2005-01-02 00:00:00 |t č. 1-12 |w 2026-02-21 |y PREZ | ||
| 952 | |0 0 |1 1 |4 0 |7 0 |a SNK |b SNK |d 1998-09-02 |l 0 |o snkČB 862/72/1978 |p 17A0157690 |r 2005-01-02 00:00:00 |t č. 1-12 |w 2026-02-21 |y PREZ | ||
| 952 | |0 0 |1 1 |4 0 |7 0 |a SNK |b SNK |d 1998-09-02 |l 0 |o snkČB 862/71/1977 |p 17A0157695 |r 2005-01-02 00:00:00 |t č. 1-12 |w 2026-02-21 |y PREZ | ||
| 952 | |0 0 |1 1 |4 0 |7 0 |a SNK |b SNK |d 1998-09-23 |l 0 |o snkČB 862/68/1974 |p 17A0162903 |r 2005-01-02 00:00:00 |t č. 1-12 |w 2026-02-21 |y PREZ | ||
| 952 | |0 0 |1 1 |4 0 |7 0 |a SNK |b SNK |d 1998-09-23 |l 0 |o snkČB 862/67/1973 |p 17A0162904 |r 2005-01-02 00:00:00 |t č. 1-12 |w 2026-02-21 |y PREZ | ||


